000 00705cam a22002053a 4500
001 44276
003 PGUSA
005 20140828084018.0
008 131124s2013||||xxu|||||s|||||000 | eng d
040 _aPGUSA
_beng
042 _adc
100 1 _aBuc'hoz, Pierre-Joseph
245 1 4 _aThe Toilet of Flora ;
_bor, A collection of the most simple and approved methods of preparing baths, essences, pomatums, powders, perfumes, and sweet-sc
_h[electronic resource] /
_cPierre-Joseph Buc'hoz
260 _bProject Gutenberg,
_c2013
506 _aPublic domain in the USA.
516 _aElectronic text
830 0 _aProject Gutenberg
_v44276
856 4 0 _uhttp://www.gutenberg.org/ebooks/44276
942 _cEB
999 _c273527
_d273527